|
|
|
|
| LEADER |
00000nam0a2200000 4500 |
| 001 |
19970 |
| 005 |
20231030191912.0 |
| 010 |
|
|
|a 5250024793
|
| 035 |
|
|
|a (RuTPU)RU\TPU\book\20143
|
| 035 |
|
|
|a BOOK00020213
|
| 090 |
|
|
|a 19970
|
| 100 |
|
|
|a 20011209d1994 k y0rusy50 ca
|
| 101 |
1 |
|
|a rus
|c eng
|
| 102 |
|
|
|a RU
|
| 105 |
|
|
|a y z 000zy
|
| 200 |
1 |
|
|a Письмена Бога
|e сборник
|e пер. с англ.
|f Х. Л. Борхес
|
| 210 |
|
|
|a Москва
|c Республика
|d 1994
|
| 215 |
|
|
|a 510 с.
|
| 225 |
1 |
|
|a Религия. Культура. Наука
|
| 610 |
1 |
|
|a философия
|
| 610 |
1 |
|
|a аргентинская философия
|
| 610 |
1 |
|
|a 20 век
|
| 610 |
1 |
|
|a литература
|
| 610 |
1 |
|
|a культура
|
| 610 |
1 |
|
|a религия
|
| 686 |
|
|
|a Ю3(7)
|v LBC/SL-A
|2 rubbk
|
| 686 |
|
|
|a Ч111
|v LBC/SL-A
|2 rubbk
|
| 700 |
|
1 |
|a Борхес
|b Х. Л.
|g Хорхе Луис
|
| 801 |
|
0 |
|a RU
|b 63413507
|c 20011209
|g PSBO
|
| 801 |
|
2 |
|a RU
|b 63413507
|c 20141215
|g PSBO
|
| 942 |
|
|
|c BK
|